Model rozvoja poľnohospodárskej výroby v okrese Nitra

Bibliographic Details
Main Author: Janík, Ján (Author)
Format: Article
Language:Slovak
Subjects:

MARC

LEADER 00000nab a2200000 a 4500
001 vtls000113584
003 SK-MaSNL
005 20260303023830.0
008 111031c1980 xo 0 slo
015 |a SNBRA19rr/mm-uuuuu 
035 |a CL0123687 
040 |a SNKBUCL  |b slo  |c SNKBUCL  |e AACR2 
041 0 |a slo 
044 |a xo  |c SK 
080 |a 631  |2 1981 
100 1 |a Janík, Ján  |4 aut  |9 273064 
245 1 0 |a Model rozvoja poľnohospodárskej výroby v okrese Nitra  |c Ján Janík 
650 0 7 |a poľnohospodárstvo  |2 snkbucl  |9 679 
655 7 |a články zo zborníkov  |2 snkbucl  |9 166140 
773 0 |t Zborník referátov z aktívu k Modelu rozvoja poľnohospodárskej výroby v okrese Nitra  |d Bratislava : Príroda, 1980 
850 |a Slovenská národná knižnica v Martine  |a MTA001 
852 |a SNK  |b KIS3GCP 
958 |a RK 
992 |a RZB 
999 |c 1636683  |d 1638613